| 000 | 00392cam a2200157ua 4500 | ||
|---|---|---|---|
| 020 | _a81 85068 38 0 | ||
| 041 |
_aeng _h |
||
| 082 |
_a028.7463 _b |
||
| 100 | _aICID, . | ||
| 245 | 0 | 0 | _aFifteenth congress on irrigation and drainage , Hague, Netherlands 1993 vol-1-E |
| 260 |
_a : _bICID and CIID , _c1993. |
||
| 300 | _a436 ; . | ||
| 504 | _a | ||
| 942 | _cBK | ||
| 999 |
_c5832 _d5832 |
||